[Event "4th Baskent University Open 2019"]
[Site "Ankara"]
[Date "2019.06.18"]
[Round "2"]
[White "Gulsoy, Mustafa Alpago"]
[Black "Can, Isik"]
[Result "*"]
[WhiteElo "2055"]
[BlackElo "2379"]
[Annotator "TA"]
[PlyCount "36"]
[EventDate "2019.06.18"]
[EventType "swiss"]
[EventCountry "TUR"]
[SourceTitle "playchess.com"]
[Source "ChessBase"]
[SourceQuality "1"]

{[%evp 13,22,1,4,2,16,-19,0,0,0,0,6]} 1. e4 c5 2. c3 Nf6 3. e5 Nd5 4. d4 cxd4 5. Nf3 e6 6. cxd4 d6 7. Bc4 Be7 {The position is equal.} 8. O-O {B22: Sicilian: 2 c3} O-O 9. Bd2 dxe5 10. dxe5 b6 11. Qe2 Bb7 {Predecessor:} 12. Nc3 $146 Nxc3 13. Bxc3 Nd7 14. Rac1 Rc8 15. Ba6 Qc7 16. Rfd1 Rfd8 17. h3 h6 18. a3 Ra8 {½-½ (18) Rublevsky,S (2678)-Bocharov,D (2595) Olginka 2011} *

[Event "4th Baskent University Open 2019"]
[Site "Ankara"]
[Date "2019.06.18"]
[Round "2"]
[White "Gulsoy, Mustafa Alpago"]
[Black "Can, Isik"]
[Result "1/2-1/2"]
[WhiteElo "2055"]
[BlackElo "2379"]
[Annotator "NA"]
[PlyCount "91"]
[EventDate "2019.06.18"]
[EventType "swiss"]
[EventCountry "TUR"]
[SourceTitle "playchess.com"]
[Source "ChessBase"]
[SourceQuality "1"]
[TimeControl "5400+30"]

1. e4 {[%emt 0:00:30]} c5 {[%emt 0:00:30]} 2. c3 {[%emt 0:00:30]} Nf6 {[%emt 0:00:00]} 3. e5 {[%emt 0:00:30]} Nd5 {[%emt 0:00:00]} 4. d4 {[%emt 0:00:00]} cxd4 {[%emt 0:00:30]} 5. Nf3 {[%emt 0:00:00]} e6 {[%emt 0:00:00]} 6. cxd4 {[%emt 0:00:30]} d6 {[%emt 0:00:00]} 7. Bc4 {[%emt 0:01:30]} Be7 {[%emt 0:00:00]} 8. O-O {[%emt 0:00:30]} O-O {[%emt 0:00:00]} 9. Bd2 {[%emt 0:02:30]} dxe5 {[%emt 0:02:30]} 10. dxe5 {[%emt 0:01:30]} b6 {[%emt 0:00:30]} 11. Qe2 {[%emt 0:01:30]} Bb7 {[%emt 0:00:30]} 12. Nc3 {[%emt 0:00:30]} Nxc3 {[%emt 0:00:30]} 13. Bxc3 {[%emt 0:00:30]} Nd7 {[%emt 0:01:30]} 14. Rac1 {[%emt 0:10:30]} Rc8 {[%emt 0:06:30]} 15. Bd3 {[%emt 0:04:30]} Nc5 {[%emt 0:00:30]} 16. Bc4 {[%emt 0:09:30]} Rc7 {[%emt 0:09:30]} 17. b4 {[%emt 0:05:30]} Ne4 {[%emt 0:03:30]} 18. Bb2 {[%emt 0:05:30]} Bxb4 {[%emt 0:02:30]} 19. Rfd1 {[%emt 0:02:30]} Qc8 {[%emt 0:23:30]} 20. Bd3 {[%emt 0:04:30]} Nc3 {[%emt 0:27:36]} 21. Bxc3 {[%emt 0:02:30]} Bxf3 {[%emt 0:00:26]} 22. Qxf3 {[%emt 0:04:30]} Bxc3 {[%emt 0:01:50]} 23. Rb1 {[%emt 0:04:30]} Rc5 {[%emt 0:02:13]} 24. Qe4 {[%emt 0:02:30]} g6 {[%emt 0:00:01]} 25. f4 {[%emt 0:00:00]} Rd8 {[%emt 0:01:02]} 26. g3 {[%emt 0:01:00]} Rcd5 {[%emt 0:02:46]} 27. Be2 {[%emt 0:01:30]} Bd2 {[%emt 0:01:54]} 28. Kg2 {[%emt 0:07:30]} Rd4 {[%emt 0:04:23]} 29. Qf3 {[%emt 0:00:00]} Qc2 {[%emt 0:00:30]} 30. a3 {[%emt 0:06:00]} Re4 {[%emt 0:03:45]} 31. Kh3 {[%emt 0:04:47]} Re3 {[%emt 0:01:29]} 32. Qxe3 {[%emt 0:00:56]} Bxe3 {[%emt 0:00:31]} 33. Rxd8+ {[%emt 0:00:30]} Kg7 {[%emt 0:00:00]} 34. Bd3 {[%emt 0:00:11]} Qc6 {[%emt 0:00:25]} 35. Rd6 {[%emt 0:01:34]} Qa4 {[%emt 0:01:22]} 36. Bb5 {[%emt 0:02:21]} Qxa3 {[%emt 0:02:46]} 37. Be8 {[%emt 0:00:11]} Kf8 {[%emt 0:01:57]} 38. Rbd1 {[%emt 0:00:20]} Bc5 {[%emt 0:00:56]} 39. Rd8 {[%emt 0:01:27]} Kg7 {[%emt 0:00:36]} 40. R1d7 {[%emt 0:00:56]} Be7 {[%emt 0:00:00]} 41. Rb8 {[%emt 0:00:42]} Kf8 {[%emt 0:00:54]} 42. Rc7 {[%emt 0:00:27]} Kg7 {[%emt 0:00:28]} 43. Bc6 {[%emt 0:01:19]} Qd3 {[%emt 0:00:33]} 44. Rxe7 {[%emt 0:00:49]} Qf5+ {[%emt 0:00:03]} 45. Kg2 {[%emt 0:02:29]} Qc2+ {[%emt 0:00:05]} 46. Kh3 {[%emt 0:00:00]} 1/2-1/2

[Event "4th Baskent University Open 2019"]
[Site "Ankara"]
[Date "2019.06.18"]
[Round "2"]
[White "Makaraci, Tunahan"]
[Black "Simantsev, Mikhail"]
[Result "0-1"]
[WhiteElo "1963"]
[BlackElo "2371"]
[Annotator "NA"]
[PlyCount "108"]
[EventDate "2019.06.18"]
[EventType "swiss"]
[EventCountry "TUR"]
[SourceTitle "playchess.com"]
[Source "ChessBase"]
[SourceQuality "1"]
[TimeControl "5400+30"]

1. e4 {[%emt 0:00:30]} c5 {[%emt 0:07:30]} 2. Nf3 {[%emt 0:00:00]} e6 {[%emt 0:00:00]} 3. c3 {[%emt 0:00:00]} Nf6 {[%emt 0:00:00]} 4. e5 {[%emt 0:00:30]} Nd5 {[%emt 0:00:30]} 5. d4 {[%emt 0:00:00]} cxd4 {[%emt 0:00:30]} 6. cxd4 {[%emt 0:00:00]} d6 {[%emt 0:03:30]} 7. Bc4 {[%emt 0:00:00]} Nc6 {[%emt 0:02:30]} 8. O-O {[%emt 0:01:00]} Be7 {[%emt 0:03:30]} 9. Qe2 {[%emt 0:00:00]} O-O {[%emt 0:01:30]} 10. Rd1 {[%emt 0:01:00]} Na5 {[%emt 0:14:30]} 11. b3 {[%emt 0:19:30]} b6 {[%emt 0:11:30]} 12. exd6 {[%emt 0:06:30]} Qxd6 {[%emt 0:04:30]} 13. Ba3 {[%emt 0:01:30]} Nb4 {[%emt 0:00:00]} 14. Nc3 {[%emt 0:02:30]} Bb7 {[%emt 0:04:00]} 15. d5 {[%emt 0:02:30]} Nxc4 {[%emt 0:04:30]} 16. bxc4 {[%emt 0:00:30]} exd5 {[%emt 0:03:30]} 17. Nxd5 {[%emt 0:07:30]} Bxd5 {[%emt 0:00:30]} 18. cxd5 {[%emt 0:00:30]} Rfe8 {[%emt 0:06:30]} 19. Rab1 {[%emt 0:00:30]} a5 {[%emt 0:00:30]} 20. Qe4 {[%emt 0:04:30]} Bf8 {[%emt 0:02:30]} 21. Qc4 {[%emt 0:09:30]} Rac8 {[%emt 0:01:30]} 22. Qb5 {[%emt 0:02:30]} Red8 {[%emt 0:06:30]} 23. Qe2 {[%emt 0:07:30]} Qf4 {[%emt 0:04:57]} 24. Bxb4 {[%emt 0:04:30]} Bxb4 {[%emt 0:01:53]} 25. a3 {[%emt 0:05:30]} Bc5 {[%emt 0:02:51]} 26. Qd3 {[%emt 0:01:30]} Rd6 {[%emt 0:01:26]} 27. g3 {[%emt 0:00:30]} Qf6 {[%emt 0:03:46]} 28. Qb3 {[%emt 0:04:30]} Rcd8 {[%emt 0:00:11]} 29. Rd3 {[%emt 0:00:28]} h6 {[%emt 0:02:14]} 30. Kg2 {[%emt 0:01:49]} Re8 {[%emt 0:01:14]} 31. Rbd1 {[%emt 0:01:32]} Re4 {[%emt 0:01:06]} 32. Qc2 {[%emt 0:01:38]} Re8 {[%emt 0:01:09]} 33. Qc4 {[%emt 0:00:28]} Re2 {[%emt 0:00:26]} 34. R1d2 {[%emt 0:02:59]} Rxd2 {[%emt 0:00:30]} 35. Rxd2 {[%emt 0:00:00]} Bxa3 {[%emt 0:00:00]} 36. Re2 {[%emt 0:00:07]} Bc5 {[%emt 0:01:16]} 37. Ne5 {[%emt 0:00:57]} h5 {[%emt 0:02:14]} 38. Nc6 {[%emt 0:02:08]} g6 {[%emt 0:01:46]} 39. Nxa5 {[%emt 0:05:29]} Qf5 {[%emt 0:00:01]} 40. Rd2 {[%emt 0:00:36]} Rf6 {[%emt 0:00:01]} 41. f4 {[%emt 0:03:14]} h4 {[%emt 0:01:52]} 42. Nb3 {[%emt 0:01:41]} h3+ {[%emt 0:00:28]} 43. Kf3 {[%emt 0:00:08]} Bd6 {[%emt 0:00:20]} 44. Qc2 {[%emt 0:01:46]} Qh5+ {[%emt 0:00:03]} 45. Ke3 {[%emt 0:01:26]} g5 {[%emt 0:00:10]} 46. Qc8+ {[%emt 0:00:00]} Kg7 {[%emt 0:00:20]} 47. f5 {[%emt 0:01:42]} Qg4 {[%emt 0:00:07]} 48. Rf2 {[%emt 0:00:18]} Bxg3 {[%emt 0:02:00]} 49. hxg3 {[%emt 0:00:44]} Qxg3+ {[%emt 0:00:30]} 50. Rf3 {[%emt 0:00:30]} Qg1+ {[%emt 0:00:30]} 51. Ke2 {[%emt 0:00:30]} h2 {[%emt 0:00:00]} 52. Nd4 {[%emt 0:00:16]} h1=Q {[%emt 0:00:46]} 53. Ne6+ {[%emt 0:00:03]} Rxe6+ {[%emt 0:00:00]} 54. fxe6 {[%emt 0:00:24]} Qd1+ {[%emt 0:00:00]} 0-1

[Event "4th Baskent University Open 2019"]
[Site "Ankara"]
[Date "2019.06.18"]
[Round "2"]
[White "Makaraci, Tunahan"]
[Black "Simantsev, Mikhail"]
[Result "*"]
[WhiteElo "1963"]
[BlackElo "2371"]
[Annotator "TA"]
[PlyCount "36"]
[EventDate "2019.06.18"]
[EventType "swiss"]
[EventCountry "TUR"]
[SourceTitle "playchess.com"]
[Source "ChessBase"]
[SourceQuality "1"]

{[%evp 12,13,12,18]} 1. e4 c5 2. Nf3 e6 3. c3 Nf6 4. e5 Nd5 5. d4 cxd4 6. cxd4 d6 7. Bc4 {Predecessor:} Nb6 $146 8. Bd3 Nc6 9. O-O Nb4 10. Bg5 Be7 11. Bxe7 Qxe7 12. Nc3 dxe5 13. dxe5 Nxd3 14. Qxd3 Bd7 15. Ne4 O-O 16. Nd4 Rad8 17. Rad1 Bc6 18. Nxc6 bxc6 {½-½ (34) Liang,A (2590)-Caruana,F (2828) Saint Louis 2019} *

[Event "4th Baskent University Open 2019"]
[Site "Ankara"]
[Date "2019.06.18"]
[Round "2"]
[White "Sakalli, Mustafa"]
[Black "Koksal, Ege"]
[Result "*"]
[WhiteElo "1916"]
[BlackElo "2363"]
[Annotator "TA"]
[PlyCount "31"]
[EventDate "2019.06.18"]
[EventType "swiss"]
[EventCountry "TUR"]
[SourceTitle "playchess.com"]
[Source "ChessBase"]
[SourceQuality "1"]

{[%evp 4,4,26]} 1. c4 Nf6 2. Nc3 e6 {Predecessor:} 3. e4 $146 d5 4. e5 d4 5. exf6 dxc3 6. bxc3 Qxf6 7. d4 e5 8. Nf3 Nc6 9. Be2 exd4 10. Bg5 Qg6 11. cxd4 Bg4 12. Be3 Bb4+ 13. Kf1 O-O 14. h4 Rfe8 15. Rb1 a5 16. h5 {0-1 (43) Gelfand,B (2719)-Wang,H (2795) Hengshui 2019} *

[Event "4th Baskent University Open 2019"]
[Site "Ankara"]
[Date "2019.06.18"]
[Round "2"]
[White "Sakalli, Mustafa"]
[Black "Koksal, Ege"]
[Result "1/2-1/2"]
[WhiteElo "1916"]
[BlackElo "2363"]
[Annotator "NA"]
[PlyCount "127"]
[EventDate "2019.06.18"]
[EventType "swiss"]
[EventCountry "TUR"]
[SourceTitle "playchess.com"]
[Source "ChessBase"]
[SourceQuality "1"]
[TimeControl "5400+30"]

1. c4 {[%emt 0:00:30]} Nf6 {[%emt 0:07:30]} 2. Nc3 {[%emt 0:00:30]} e6 {[%emt 0:04:30]} 3. g3 {[%emt 0:01:30]} d5 {[%emt 0:00:00]} 4. d4 {[%emt 0:00:30]} c6 {[%emt 0:03:00]} 5. Bg2 {[%emt 0:00:30]} dxc4 {[%emt 0:00:30]} 6. Nf3 {[%emt 0:00:30]} Nbd7 {[%emt 0:01:30]} 7. a4 {[%emt 0:02:30]} Bb4 {[%emt 0:00:30]} 8. O-O {[%emt 0:00:30]} a5 {[%emt 0:01:30]} 9. Qc2 {[%emt 0:00:30]} Nb6 {[%emt 0:02:30]} 10. Rd1 {[%emt 0:00:30]} O-O {[%emt 0:00:30]} 11. Ne5 {[%emt 0:01:30]} Qe7 {[%emt 0:35:30]} 12. Ne4 {[%emt 0:07:30]} Nfd5 {[%emt 0:00:30]} 13. Ng5 {[%emt 0:00:30]} Nf6 {[%emt 0:03:30]} 14. Ne4 {[%emt 0:00:30]} h6 {[%emt 0:02:30]} 15. Nxc4 {[%emt 0:01:30]} Nxc4 {[%emt 0:01:30]} 16. Qxc4 {[%emt 0:00:00]} Nd5 {[%emt 0:06:30]} 17. Nc5 {[%emt 0:02:00]} Nb6 {[%emt 0:01:30]} 18. Qc2 {[%emt 0:05:30]} e5 {[%emt 0:00:30]} 19. Nd3 {[%emt 0:03:30]} exd4 {[%emt 0:02:30]} 20. Nxb4 {[%emt 0:00:30]} Qxb4 {[%emt 0:02:30]} 21. b3 {[%emt 0:00:00]} Re8 {[%emt 0:03:52]} 22. Ba3 {[%emt 0:06:00]} Qc3 {[%emt 0:00:01]} 23. Qxc3 {[%emt 0:00:30]} dxc3 {[%emt 0:00:30]} 24. Bc5 {[%emt 0:00:00]} Nd5 {[%emt 0:05:19]} 25. Bxd5 {[%emt 0:01:00]} cxd5 {[%emt 0:00:02]} 26. Rac1 {[%emt 0:04:30]} Rxe2 {[%emt 0:01:44]} 27. Rxc3 {[%emt 0:00:30]} Be6 {[%emt 0:00:17]} 28. Kf1 {[%emt 0:07:30]} Rb2 {[%emt 0:01:01]} 29. Bd4 {[%emt 0:00:00]} Bh3+ {[%emt 0:02:36]} 30. Kg1 {[%emt 0:07:00]} Re8 {[%emt 0:01:06]} 31. Be3 {[%emt 0:01:30]} Re4 {[%emt 0:04:24]} 32. Rcd3 {[%emt 0:07:30]} Be6 {[%emt 0:01:41]} 33. Bd4 {[%emt 0:01:30]} Rc2 {[%emt 0:01:30]} 34. Re3 {[%emt 0:06:30]} Rxe3 {[%emt 0:01:05]} 35. fxe3 {[%emt 0:00:00]} Bf5 {[%emt 0:00:27]} 36. Bb6 {[%emt 0:00:00]} Be4 {[%emt 0:00:38]} 37. Bxa5 {[%emt 0:00:30]} Rg2+ {[%emt 0:00:42]} 38. Kf1 {[%emt 0:00:00]} Rxh2 {[%emt 0:00:00]} 39. Rd4 {[%emt 0:00:00]} Rh3 {[%emt 0:02:34]} 40. Be1 {[%emt 0:11:30]} Rh1+ {[%emt 0:00:17]} 41. Ke2 {[%emt 0:00:30]} Kh7 {[%emt 0:00:42]} 42. a5 {[%emt 0:00:00]} Rh2+ {[%emt 0:00:46]} 43. Bf2 {[%emt 0:00:00]} Rh1 {[%emt 0:00:00]} 44. Be1 {[%emt 0:00:00]} h5 {[%emt 0:00:51]} 45. b4 {[%emt 0:00:00]} Bg2 {[%emt 0:00:43]} 46. Rf4 {[%emt 0:03:30]} Bh3 {[%emt 0:00:37]} 47. Rxf7 {[%emt 0:01:30]} Bg4+ {[%emt 0:00:30]} 48. Kd2 {[%emt 0:00:30]} Rh2+ {[%emt 0:00:00]} 49. Rf2 {[%emt 0:00:00]} Rxf2+ {[%emt 0:00:01]} 50. Bxf2 {[%emt 0:00:00]} Kg6 {[%emt 0:00:00]} 51. Kd3 {[%emt 0:00:00]} Be6 {[%emt 0:01:10]} 52. Kd4 {[%emt 0:00:00]} Kf5 {[%emt 0:00:05]} 53. b5 {[%emt 0:00:30]} Bd7 {[%emt 0:01:02]} 54. Kc5 {[%emt 0:01:30]} Ke5 {[%emt 0:00:01]} 55. Be1 {[%emt 0:00:30]} g5 {[%emt 0:00:31]} 56. Bc3+ {[%emt 0:00:30]} Ke6 {[%emt 0:01:23]} 57. b6 {[%emt 0:00:30]} Bc8 {[%emt 0:00:18]} 58. Kd4 {[%emt 0:00:30]} h4 {[%emt 0:00:38]} 59. gxh4 {[%emt 0:00:30]} gxh4 {[%emt 0:00:00]} 60. Be1 {[%emt 0:00:30]} Kd6 {[%emt 0:00:29]} 61. Bxh4 {[%emt 0:00:00]} Kc6 {[%emt 0:00:08]} 62. Be1 {[%emt 0:00:00]} Bh3 {[%emt 0:00:00]} 63. Bd2 {[%emt 0:00:30]} Bg2 {[%emt 0:00:13]} 64. Be1 {[%emt 0:00:00]} 1/2-1/2

[Event "4th Baskent University Open 2019"]
[Site "Ankara"]
[Date "2019.06.18"]
[Round "2"]
[White "Kanli, Alperen"]
[Black "Aladag, Begum"]
[Result "1-0"]
[WhiteElo "1790"]
[BlackElo "1458"]
[Annotator "NA"]
[PlyCount "79"]
[EventDate "2019.06.18"]
[EventType "swiss"]
[EventCountry "TUR"]
[SourceTitle "playchess.com"]
[Source "ChessBase"]
[SourceQuality "1"]
[TimeControl "5400+30"]

1. e4 {[%emt 0:00:30]} c5 {[%emt 0:00:30]} 2. Nf3 {[%emt 0:00:00]} e6 {[%emt 0:00:30]} 3. d4 {[%emt 0:00:00]} cxd4 {[%emt 0:00:00]} 4. Nxd4 {[%emt 0:00:30]} a6 {[%emt 0:00:00]} 5. Nc3 {[%emt 0:00:30]} Qc7 {[%emt 0:00:30]} 6. Bd3 {[%emt 0:03:30]} Nc6 {[%emt 0:03:30]} 7. Nxc6 {[%emt 0:05:30]} bxc6 {[%emt 0:02:30]} 8. Qe2 {[%emt 0:03:30]} Bb4 {[%emt 0:07:30]} 9. Bd2 {[%emt 0:01:30]} Nf6 {[%emt 0:23:30]} 10. O-O {[%emt 0:02:30]} Bd6 {[%emt 0:05:30]} 11. f4 {[%emt 0:01:30]} Bc5+ {[%emt 0:00:30]} 12. Kh1 {[%emt 0:00:30]} d5 {[%emt 0:01:30]} 13. Qe1 {[%emt 0:11:30]} Bb7 {[%emt 0:09:30]} 14. Na4 {[%emt 0:03:30]} Bb6 {[%emt 0:10:30]} 15. Bc3 {[%emt 0:10:30]} dxe4 {[%emt 0:04:30]} 16. Be5 {[%emt 0:01:30]} Qd8 {[%emt 0:01:30]} 17. Bxf6 {[%emt 0:03:30]} gxf6 {[%emt 0:01:30]} 18. Bxe4 {[%emt 0:03:30]} Ba7 {[%emt 0:04:30]} 19. Qc3 {[%emt 0:00:30]} Rc8 {[%emt 0:01:30]} 20. Nc5 {[%emt 0:01:30]} Bxc5 {[%emt 0:00:00]} 21. Qxc5 {[%emt 0:00:30]} Qe7 {[%emt 0:00:00]} 22. Qc3 {[%emt 0:00:30]} h5 {[%emt 0:01:30]} 23. Rf3 {[%emt 0:00:30]} Rg8 {[%emt 0:01:59]} 24. Rd3 {[%emt 0:02:30]} c5 {[%emt 0:03:27]} 25. Bxb7 {[%emt 0:04:30]} Qxb7 {[%emt 0:00:30]} 26. Rd2 {[%emt 0:00:30]} Ke7 {[%emt 0:01:11]} 27. Rad1 {[%emt 0:00:30]} Rc7 {[%emt 0:02:21]} 28. Qd3 {[%emt 0:03:30]} Kf8 {[%emt 0:03:12]} 29. Qh3 {[%emt 0:00:30]} Ke7 {[%emt 0:01:12]} 30. Qd3 {[%emt 0:02:30]} Kf8 {[%emt 0:00:30]} 31. Qh7 {[%emt 0:00:30]} Rd7 {[%emt 0:04:22]} 32. Qxh5 {[%emt 0:01:30]} Ke8 {[%emt 0:02:12]} 33. Qe2 {[%emt 0:01:30]} Rd4 {[%emt 0:02:02]} 34. Rxd4 {[%emt 0:00:30]} cxd4 {[%emt 0:00:02]} 35. Rxd4 {[%emt 0:00:30]} Qxb2 {[%emt 0:00:59]} 36. Qd1 {[%emt 0:00:30]} Qb6 {[%emt 0:00:38]} 37. c4 {[%emt 0:00:30]} Rg6 {[%emt 0:01:41]} 38. c5 {[%emt 0:04:30]} Qc6 {[%emt 0:00:13]} 39. Rd8+ {[%emt 0:00:00]} Ke7 {[%emt 0:00:33]} 40. Qd6+ {[%emt 0:03:00]} 1-0

[Event "4th Baskent University Open 2019"]
[Site "Ankara"]
[Date "2019.06.18"]
[Round "2"]
[White "Subasi, Fidel"]
[Black "Yenice, Yusuf Erkan"]
[Result "0-1"]
[WhiteElo "1712"]
[BlackElo "1497"]
[Annotator "NA"]
[PlyCount "78"]
[EventDate "2019.06.18"]
[EventType "swiss"]
[EventCountry "TUR"]
[SourceTitle "playchess.com"]
[Source "ChessBase"]
[SourceQuality "1"]
[TimeControl "5400+30"]

1. d4 {[%emt 0:00:30]} d5 {[%emt 0:08:30]} 2. Nc3 {[%emt 0:01:30]} Nf6 {[%emt 0:00:00]} 3. Bf4 {[%emt 0:00:00]} Bf5 {[%emt 0:03:00]} 4. f3 {[%emt 0:00:00]} h6 {[%emt 0:03:30]} 5. e3 {[%emt 0:03:30]} c6 {[%emt 0:05:30]} 6. Bd3 {[%emt 0:04:30]} Bxd3 {[%emt 0:00:30]} 7. Qxd3 {[%emt 0:00:00]} e6 {[%emt 0:03:30]} 8. O-O-O {[%emt 0:03:00]} Qa5 {[%emt 0:04:30]} 9. e4 {[%emt 0:08:30]} Na6 {[%emt 0:06:30]} 10. a3 {[%emt 0:05:30]} b5 {[%emt 0:03:30]} 11. Nb1 {[%emt 0:08:30]} b4 {[%emt 0:02:30]} 12. Bd2 {[%emt 0:06:30]} Qb6 {[%emt 0:04:30]} 13. a4 {[%emt 0:04:30]} c5 {[%emt 0:02:30]} 14. Nh3 {[%emt 0:05:30]} cxd4 {[%emt 0:04:30]} 15. exd5 {[%emt 0:13:30]} Nxd5 {[%emt 0:00:30]} 16. Nf4 {[%emt 0:00:30]} Nxf4 {[%emt 0:05:30]} 17. Bxf4 {[%emt 0:00:30]} Bc5 {[%emt 0:01:30]} 18. Nd2 {[%emt 0:01:30]} O-O {[%emt 0:03:30]} 19. h4 {[%emt 0:04:30]} Bd6 {[%emt 0:03:30]} 20. Bxd6 {[%emt 0:04:30]} Qxd6 {[%emt 0:00:30]} 21. Ne4 {[%emt 0:01:30]} Qc6 {[%emt 0:03:30]} 22. b3 {[%emt 0:02:30]} Rac8 {[%emt 0:01:30]} 23. g4 {[%emt 0:00:30]} Nc5 {[%emt 0:01:30]} 24. Nxc5 {[%emt 0:00:30]} Qxc5 {[%emt 0:00:00]} 25. Rh2 {[%emt 0:02:05]} e5 {[%emt 0:05:00]} 26. Re2 {[%emt 0:01:27]} Rc6 {[%emt 0:04:22]} 27. Rde1 {[%emt 0:01:00]} Rfc8 {[%emt 0:01:49]} 28. Kb1 {[%emt 0:00:57]} Qc3 {[%emt 0:02:41]} 29. Qe4 {[%emt 0:01:42]} Rf6 {[%emt 0:06:30]} 30. Qxe5 {[%emt 0:02:41]} Rxf3 {[%emt 0:01:15]} 31. Rd1 {[%emt 0:04:56]} Re3 {[%emt 0:01:00]} 32. Qh2 {[%emt 0:00:51]} Rh3 {[%emt 0:01:31]} 33. Qf2 {[%emt 0:00:51]} d3 {[%emt 0:00:36]} 34. Red2 {[%emt 0:01:06]} dxc2+ {[%emt 0:00:38]} 35. Rxc2 {[%emt 0:00:53]} Qxb3+ {[%emt 0:00:10]} 36. Kc1 {[%emt 0:00:25]} Rxc2+ {[%emt 0:00:57]} 37. Qxc2 {[%emt 0:00:06]} Qa3+ {[%emt 0:01:19]} 38. Qb2 {[%emt 0:00:21]} Rc3+ {[%emt 0:01:59]} 39. Kb1 {[%emt 0:00:07]} Rb3 {[%emt 0:00:00]} 0-1

[Event "4th Baskent University Open 2019"]
[Site "Ankara"]
[Date "2019.06.18"]
[Round "2"]
[White "Taban, Yagiz"]
[Black "Kaynak, Deniz Can"]
[Result "1-0"]
[WhiteElo "1654"]
[BlackElo "1467"]
[Annotator "NA"]
[PlyCount "113"]
[EventDate "2019.06.18"]
[EventType "swiss"]
[EventCountry "TUR"]
[SourceTitle "playchess.com"]
[Source "ChessBase"]
[SourceQuality "1"]
[TimeControl "5400+30"]

1. Nc3 {[%emt 0:00:30]} Nf6 {[%emt 0:00:30]} 2. e4 {[%emt 0:02:30]} e5 {[%emt 0:00:00]} 3. d3 {[%emt 0:02:30]} Bc5 {[%emt 0:07:00]} 4. Be2 {[%emt 0:05:30]} Nc6 {[%emt 0:03:30]} 5. Nf3 {[%emt 0:03:30]} d6 {[%emt 0:00:30]} 6. O-O {[%emt 0:00:30]} O-O {[%emt 0:00:30]} 7. Bg5 {[%emt 0:01:30]} h6 {[%emt 0:02:30]} 8. Be3 {[%emt 0:03:30]} Bb6 {[%emt 0:07:30]} 9. Qd2 {[%emt 0:11:30]} Ng4 {[%emt 0:09:30]} 10. Bxb6 {[%emt 0:01:30]} axb6 {[%emt 0:00:30]} 11. Nd5 {[%emt 0:14:30]} Ne7 {[%emt 0:23:30]} 12. Ne3 {[%emt 0:23:30]} Ng6 {[%emt 0:10:30]} 13. g3 {[%emt 0:14:33]} Be6 {[%emt 0:12:20]} 14. c4 {[%emt 0:01:45]} Qd7 {[%emt 0:05:12]} 15. Ne1 {[%emt 0:06:09]} Nxe3 {[%emt 0:03:01]} 16. fxe3 {[%emt 0:02:06]} f5 {[%emt 0:02:34]} 17. exf5 {[%emt 0:00:30]} Bxf5 {[%emt 0:00:07]} 18. Ng2 {[%emt 0:00:39]} Bh3 {[%emt 0:00:39]} 19. Bf3 {[%emt 0:00:33]} Rae8 {[%emt 0:07:04]} 20. Bh5 {[%emt 0:01:16]} Qe6 {[%emt 0:01:41]} 21. b4 {[%emt 0:01:14]} Rf5 {[%emt 0:01:14]} 22. Rxf5 {[%emt 0:01:11]} Qxf5 {[%emt 0:00:30]} 23. Bxg6 {[%emt 0:00:30]} Qxg6 {[%emt 0:00:00]} 24. Rf1 {[%emt 0:00:00]} Bxg2 {[%emt 0:00:41]} 25. Kxg2 {[%emt 0:00:01]} Ra8 {[%emt 0:00:38]} 26. e4 {[%emt 0:00:52]} Qe6 {[%emt 0:00:28]} 27. Qb2 {[%emt 0:00:40]} b5 {[%emt 0:00:40]} 28. Qb3 {[%emt 0:00:01]} bxc4 {[%emt 0:00:36]} 29. dxc4 {[%emt 0:00:07]} b5 {[%emt 0:00:14]} 30. Rc1 {[%emt 0:01:16]} bxc4 {[%emt 0:01:13]} 31. Rxc4 {[%emt 0:00:10]} Kf8 {[%emt 0:00:05]} 32. Kg1 {[%emt 0:00:53]} Ra7 {[%emt 0:00:25]} 33. Qc2 {[%emt 0:00:25]} Qf7 {[%emt 0:00:32]} 34. Kg2 {[%emt 0:00:29]} Ke8 {[%emt 0:00:33]} 35. a4 {[%emt 0:00:36]} Qd7 {[%emt 0:00:13]} 36. b5 {[%emt 0:00:29]} Kd8 {[%emt 0:00:32]} 37. Qf2 {[%emt 0:00:17]} Qe6 {[%emt 0:00:45]} 38. Qf8+ {[%emt 0:00:44]} Kd7 {[%emt 0:00:20]} 39. Qxg7+ {[%emt 0:00:25]} Kc8 {[%emt 0:00:15]} 40. Qf8+ {[%emt 0:00:36]} Kb7 {[%emt 0:00:30]} 41. Qf1 {[%emt 0:00:16]} Kb6 {[%emt 0:00:43]} 42. Qf2+ {[%emt 0:00:50]} Kb7 {[%emt 0:00:05]} 43. Rxc7+ {[%emt 0:00:13]} Kxc7 {[%emt 0:00:39]} 44. Qxa7+ {[%emt 0:00:02]} Kd8 {[%emt 0:00:17]} 45. Qb8+ {[%emt 0:00:02]} Ke7 {[%emt 0:00:00]} 46. Qb7+ {[%emt 0:00:13]} Ke8 {[%emt 0:00:38]} 47. Qd5 {[%emt 0:00:38]} Qg4 {[%emt 0:00:10]} 48. Qd3 {[%emt 0:01:28]} Qe6 {[%emt 0:00:38]} 49. Qc2 {[%emt 0:00:22]} Kd8 {[%emt 0:00:48]} 50. b6 {[%emt 0:00:17]} Qd7 {[%emt 0:01:04]} 51. Qc7+ {[%emt 0:01:00]} Qxc7 {[%emt 0:00:07]} 52. bxc7+ {[%emt 0:00:07]} Kxc7 {[%emt 0:00:31]} 53. g4 {[%emt 0:00:30]} Kb6 {[%emt 0:00:30]} 54. h4 {[%emt 0:00:00]} Kc6 {[%emt 0:00:29]} 55. g5 {[%emt 0:00:00]} hxg5 {[%emt 0:00:12]} 56. hxg5 {[%emt 0:00:00]} Kd7 {[%emt 0:01:20]} 57. a5 {[%emt 0:00:00]} 1-0